Представление документа в формате RUSMARC

ПолеНазваниеЗначение
  Тип записи a
  Библиографический уровень m
001 Контрольный номер UONB/MAIN/111abbf9fdf447dba4b8912f98d244e1
005 Дата корректировки 20260408140032.3
010 Индекс ISBN __
b Уточнения в пер.
9 Тираж 1500 экз.
100 Данные общей обработки __
a Данные общей обработки 20260408d1963 u u0rusy0189 ca
101 Язык документа 0_
a Язык текста rus
102 Страна публикации __
a Страна публикации RU
105 Кодированные данные (монография) __
a Кодированные данные (монография) y z 000yy
200 Заглавие и сведения об ответственности 1_
a Заглавие Спецификация-указатель деталей отливных автоматов
f Первые сведения об ответственности составители М. В. Шульмейстер, М. Д. Бриллиант
210 Выходные данные 1_
d Дата издания 1963
215 Физическое описание __
a Объем 152 с.
c Иллюстрации/тип воспроизводства ил.
d Формат 14х22 см
311 Примечания к полям связи (Примечания о связи с другими произведениями) __
a Текст примечания Прил.: Спецификация-указатель... (к инв. № 350711)
422 Издание, к которому относится приложение _0
1 001UONB/MAIN/98951b5685c04c438b4d379a214338a5
1 2001
a Конструкция отливного автомата
1 2101
d 1963
1 215
a 392 с.
c ил., 1 л. схем.
461 Уровень набора _0
1 700 1
a Шульмейстер
b М. В.
g Моисей Владимирович
1 2001
a Монотип. Устройство и эксплуатация буквоотливных наборных машин
e в 2 книгах
f М. В. Шульмейстер
v Кн. 2. Прил.
1 2101
a Москва
c Искусство
d 1961-1963
1 001UONB/MAIN/4c70ae00beb241da8c5f408ca66d913f
1 203
a Текст
b визуальный
c непосредственный
1 215
d 22 см
606 Тематические рубрики 0_
a Основная рубрика Монотипы
610 Ключевые слова 0_
a Ключевые слова монотипы; наборно-перфорирующие машины; детали отливных автоматов; спецификация-указатель деталей
675 Индекс УДК __
a Индекс УДК 6П9.511
686 Индексы других классификаций __
2 Код системы rubbk
a Классификационный индекс 37.8
702 Вторичная интеллектуальная ответственность _1
a Фамилия Шульмейстер
b Имя (инициалы) М. В.
g Полное личное имя Моисей Владимирович
4 Код отношения 220
702 Вторичная интеллектуальная ответственность _1
a Фамилия Бриллиант
b Имя (инициалы) М. Д.
4 Код отношения 220
801 Источник записи _0
a Страна RU
b Организация Ульяновская ОНБ
c Дата составления 20260408
g Правила каталогизации RCR
801 Источник записи _1
a Страна RU
b Организация Ульяновская ОНБ
c Дата составления 20260408
g Правила каталогизации RCR
901 Тип документа __
t Тип документа n
w Контрольный № источника UONB/MAIN/4c70ae00beb241da8c5f408ca66d913f
909 Создатель записи __
a Создатель записи Горбункова
b Дата создания записи 20260408